<?xml version="1.0" encoding="UTF-8"?><?xml-stylesheet type="text/xsl" href="static/style.xsl"?><OAI-PMH xmlns="http://www.openarchives.org/OAI/2.0/" xmlns:xsi="http://www.w3.org/2001/XMLSchema-instance" xsi:schemaLocation="http://www.openarchives.org/OAI/2.0/ http://www.openarchives.org/OAI/2.0/OAI-PMH.xsd"><responseDate>2026-04-14T05:08:25Z</responseDate><request verb="GetRecord" identifier="oai:www.recercat.cat:10459.1/469023" metadataPrefix="marc">https://recercat.cat/oai/request</request><GetRecord><record><header><identifier>oai:recercat.cat:10459.1/469023</identifier><datestamp>2025-11-17T19:29:08Z</datestamp><setSpec>com_2072_3622</setSpec><setSpec>col_2072_479130</setSpec></header><metadata><record xmlns="http://www.loc.gov/MARC21/slim" xmlns:dcterms="http://purl.org/dc/terms/" xmlns:xsi="http://www.w3.org/2001/XMLSchema-instance" xmlns:doc="http://www.lyncode.com/xoai" xsi:schemaLocation="http://www.loc.gov/MARC21/slim http://www.loc.gov/standards/marcxml/schema/MARC21slim.xsd">
   <leader>00925njm 22002777a 4500</leader>
   <datafield ind2=" " ind1=" " tag="042">
      <subfield code="a">dc</subfield>
   </datafield>
   <datafield ind2=" " ind1=" " tag="720">
      <subfield code="a">Roca Cabau, Guillem</subfield>
      <subfield code="e">author</subfield>
   </datafield>
   <datafield ind2=" " ind1=" " tag="720">
      <subfield code="a">Gutiérrez Ujaque, Daniel</subfield>
      <subfield code="e">author</subfield>
   </datafield>
   <datafield ind2=" " ind1=" " tag="260">
      <subfield code="c">2025</subfield>
   </datafield>
   <datafield ind2=" " ind1=" " tag="520">
      <subfield code="a">Aquest article analitza una experiència docent innovadora realitzada amb els estudiants del grau en educació primària de la Universitat de Lleida, centrada en l’àrea de coneixement del medi natural, social i cultural, i basada en les directrius del Decret 175/2022, sobre el currículum de primària. Les noves orientacions educatives exigeixen que els mestres superin la reproducció de coneixements i ensenyin a pensar històricament, qüestionant les narratives establertes, utilitzant fonts locals i situant nous protagonistes al centre del relat. No obstant això, es detecta una carència en la formació de competències investigadores entre els futurs mestres. Per abordar aquesta mancança, s’ha dut a terme una experiència educativa amb un objectiu doble. D’una banda, fer conscients els futurs mestres de la importància d’aprendre històricament per comprendre contextos actuals. D’altra banda, formar docents que apliquin a la seva pràctica professional la metodologia de l’historiador, fomentant la reflexió crítica i la consciència ciutadana. Aquesta iniciativa no només cobreix la formació en competències investigadores, sinó que també fomenta una reflexió crítica sobre el paper de l’alfabetització històrica en l’educació, promovent la creació de noves narratives històriques i contribuint a la formació d’una ciutadania compromesa i crítica.</subfield>
   </datafield>
   <datafield ind1="8" ind2=" " tag="024">
      <subfield code="a">http://hdl.handle.net/10459.1/469023</subfield>
   </datafield>
   <datafield tag="653" ind2=" " ind1=" ">
      <subfield code="a">Educació primària</subfield>
   </datafield>
   <datafield tag="653" ind2=" " ind1=" ">
      <subfield code="a">Pensament històric</subfield>
   </datafield>
   <datafield tag="653" ind2=" " ind1=" ">
      <subfield code="a">Formació inicial</subfield>
   </datafield>
   <datafield ind2="0" ind1="0" tag="245">
      <subfield code="a">Aprendre a pensar com a investigador-docent-historiador a través del patrimoni local. Una experiència en el grau en educació primària</subfield>
   </datafield>
   <datafield ind2="0" ind1="0" tag="245">
      <subfield code="a">Learning to think as a researcher-teacher-historian through local heritage. An experience in the Bachelor’s Degree in Primary Education</subfield>
   </datafield>
</record></metadata></record></GetRecord></OAI-PMH>